000 00341nam a22001457a 4500
008 210225b ||||| |||| 00| 0 eng d
020 _a020545531X
041 _aeng
080 _28th
_a159.9
082 _a159.9
100 _a48
101 _aPSI
245 _aEducational Psychology Theory and Practice
_cSvalin, R. P
942 _2udc
_cBK
999 _c55205
_d55205